Statistics for Fast Typing - Countries A to Z (with a map)

Click here to take the quiz!

General Stats

  • This quiz has been taken 2,934 times
  • The average score is 70 of 196

Answers on the Map

Answers color-coded by a green-red scale on the quiz's map according to % correct below.
 

Answer Stats

Country% Correct
Cambodia
82%
Cameroon
82%
Canada
82%
Cape Verde
82%
Central African Republic
82%
Chad
82%
Chile
82%
China
82%
Colombia
82%
Comoros
82%
Costa Rica
82%
Cote d'Ivoire
82%
Croatia
82%
Cuba
82%
Cyprus
82%
Czech Republic
82%
Afghanistan
79%
Albania
79%
Algeria
79%
Andorra
79%
Angola
79%
Antigua and Barbuda
79%
Argentina
79%
Armenia
79%
Australia
79%
Austria
79%
Azerbaijan
79%
Bahamas
72%
Bahrain
72%
Bangladesh
72%
Barbados
72%
Belarus
72%
Belgium
72%
Belize
72%
Benin
72%
Bhutan
72%
Bolivia
72%
Bosnia and
Herzegovina
72%
Botswana
72%
Brazil
72%
Brunei
72%
Bulgaria
72%
Burkina Faso
72%
Burundi
72%
Democratic Republic
of the Congo
48%
Denmark
48%
Djibouti
48%
Dominica
48%
Dominican Republic
48%
Uganda
48%
Ukraine
48%
United Arab Emirates
48%
United Kingdom
48%
United States
48%
Uruguay
48%
Uzbekistan
48%
East Timor
40%
Ecuador
40%
Egypt
40%
El Salvador
40%
Equatorial Guinea
40%
Eritrea
40%
Estonia
40%
Ethiopia
40%
Federated States of
Micronesia
38%
Fiji
38%
Finland
38%
France
38%
Iceland
35%
India
35%
Indonesia
35%
Iran
35%
Iraq
35%
Ireland
35%
Israel
35%
Italy
35%
Republic of the Congo
33%
Romania
33%
Russia
33%
Rwanda
33%
Gabon
31%
Gambia
31%
Georgia
31%
Germany
31%
Ghana
31%
Greece
31%
Grenada
31%
Guatemala
31%
Guinea
31%
Guinea-Bissau
31%
Guyana
31%
Macedonia
27%
Madagascar
27%
Malawi
27%
Malaysia
27%
Maldives
27%
Mali
27%
Malta
27%
Marshall Islands
27%
Mauritania
27%
Mauritius
27%
Mexico
27%
Moldova
27%
Monaco
27%
Mongolia
27%
Montenegro
27%
Morocco
27%
Mozambique
27%
Myanmar
27%
Saint Kitts and Nevis
22%
Saint Lucia
22%
Saint Vincent and the
Grenadines
22%
Samoa
22%
San Marino
22%
São Tomé and Príncipe
22%
Saudi Arabia
22%
Senegal
22%
Serbia
22%
Seychelles
22%
Sierra Leone
22%
Singapore
22%
Slovakia
22%
Slovenia
22%
Solomon Islands
22%
Somalia
22%
South Africa
22%
South Korea
22%
South Sudan
22%
Spain
22%
Sri Lanka
22%
Sudan
22%
Suriname
22%
Swaziland
22%
Sweden
22%
Switzerland
22%
Syria
22%
Haiti
19%
Honduras
19%
Hungary
19%
Jamaica
17%
Japan
17%
Jordan
17%
Pakistan
17%
Palau
17%
Panama
17%
Papua New Guinea
17%
Paraguay
17%
Peru
17%
Philippines
17%
Poland
17%
Portugal
17%
Nicaragua
15%
Namibia
14%
Nauru
14%
Nepal
14%
Netherlands
14%
New Zealand
14%
Niger
14%
Nigeria
14%
North Korea
14%
Norway
14%
Kazakhstan
11%
Kenya
11%
Kiribati
11%
Kosovo
11%
Kuwait
11%
Kyrgyzstan
11%
Laos
11%
Latvia
11%
Lebanon
11%
Lesotho
11%
Liberia
11%
Libya
11%
Liechtenstein
11%
Lithuania
11%
Luxembourg
11%
Oman
11%
Yemen
10%
Qatar
9%
Taiwan
9%
Tajikistan
9%
Tanzania
9%
Thailand
9%
Togo
9%
Tonga
9%
Trinidad and Tobago
9%
Tunisia
9%
Turkey
9%
Turkmenistan
9%
Tuvalu
9%
Zambia
9%
Zimbabwe
9%
Vanuatu
4%
Vatican City
4%
Venezuela
4%
Vietnam
4%

Score Distribution

Percentile by Number Answered

Percent of People with Each Score

Your Score History

You have not taken this quiz